La mujer comparada con el hombre : (Record no. 99032)

MARC details
000 -LEADER
campo de control de longitud fija 00793nam a22002175i 4500
001 - NÚMERO DE CONTROL
campo de control 99032
003 - IDENTIFICADOR DE NÚMERO DE CONTROL
campo de control ES-MaACL
005 - FECHA Y HORA DE LA ÚLTIMA TRANSACCIÓN
campo de control 20250806034445.0
007 - CAMPO FIJO DE DESCRIPCIÓN FÍSICA--INFORMACIÓN GENERAL
campo de control de longitud fija t|
008 - DATOS DE LONGITUD FIJA--INFORMACIÓN GENERAL
campo de control de longitud fija 950921s1875 sp ||||1| spa d
100 1# - ENTRADA PRINCIPAL--NOMBRE DE PERSONA
Nombre de persona González Encinas, Santiago,
Fechas asociadas al nombre 1836-1887
9 (RLIN) 127406
245 13 - MENCIÓN DEL TÍTULO
Título La mujer comparada con el hombre :
Resto del título apuntes filosófico-médicos /
Mención de responsabilidad, etc. G. Encinas.
260 ## - PUBLICACIÓN, DISTRIBUCIÓN, ETC.
Lugar de publicación, distribución, etc. Madrid :
Nombre del editor, distribuidor, etc. [s.n.],
Fecha de publicación, distribución, etc. 1875 (
Fabricante Imp. de Medina y Navarro)
300 ## - DESCRIPCIÓN FÍSICA
Extensión 150 p. ;
Dimensiones 17 cm.
500 ## - NOTA GENERAL
Nota general Información relacionada disponible en Filosofía en español.
650 #4 - PUNTO DE ACCESO ADICIONAL DE MATERIA--TÉRMINO DE MATERIA
Término de materia o nombre geográfico como elemento de entrada Mujeres-
Subdivisión general Fisiología.
9 (RLIN) 161485
650 #7 - PUNTO DE ACCESO ADICIONAL DE MATERIA--TÉRMINO DE MATERIA
Término de materia o nombre geográfico como elemento de entrada Ética sexual
Fuente del encabezamiento o término embne
9 (RLIN) 12591
852 4# - LOCALIZACIÓN
Ubicación ES-MaACL
Número de control de estantería D-1607
856 4# - LOCALIZACIÓN Y ACCESO ELECTRÓNICOS
Identificador Uniforme de Recursos <a href="https://www.filosofia.org/hem/187/reu/r0620326.htm ">https://www.filosofia.org/hem/187/reu/r0620326.htm </a>
Nota pública Filosofía en español
Holdings
Estatus retirado Estado de pérdida Estado de daño No para préstamo Colección Biblioteca de origen Biblioteca actual Ubicación en estantería Fecha de adquisición Fuente de adquisición Total de préstamos Signatura topográfica completa Código de barras Visto por última vez Precio de reemplazo Tipo de ítem Koha
        Colección digital Biblioteca del Ateneo de Madrid Biblioteca del Ateneo de Madrid Sala Valle Inclán 17/01/2008     D-1607 901103393 23/02/2023 23/02/2023 Libro impreso antiguo